Los inicios de la Europa moderna: 1550-1648
Uloženo v:
| Hlavní autor: | |
|---|---|
| Médium: | Kniha |
| Jazyk: | španělština |
| Vydáno: |
Madrid
Siglo Veintiuno
1984
|
| Vydání: | 1a. ed |
| Edice: | Historia Universal, 24
|
| Témata: | |
| Tagy: |
Přidat tag
Žádné tagy, Buďte první, kdo vytvoří štítek k tomuto záznamu!
|
MARC
| LEADER | 00000cam a2200000 a 4500 | ||
|---|---|---|---|
| 001 | UCD3692 | ||
| 003 | CL-VaPUC | ||
| 008 | 160616e19840000sp |||||||||||||||||spa|d | ||
| 020 | |a 8432304824v.24 | ||
| 082 | 0 | 4 | |a 940.2 |b DUL |2 21 |
| 100 | 0 | |a Dulmen, Richard van |e author |9 587249 | |
| 245 | 1 | 4 | |a Los inicios de la Europa moderna: 1550-1648 |
| 250 | |a 1a. ed | ||
| 300 | |a 468 p | ||
| 942 | |c BK | ||
| 945 | |d 20160616 22:39:00 |a dcastane | ||
| 260 | |a Madrid |b Siglo Veintiuno |c 1984 | ||
| 650 | 0 | |a Historia de Europa Siglo 16 |9 346729 | |
| 650 | 0 | |a Monarquía |9 255259 | |
| 650 | 7 | |a MONARQUIA FRANCESA |2 CL-VaPUC |9 434624 | |
| 583 | |a last modification |c 20160616 22:39:00 |k Rodrigo Vera | ||
| 490 | 0 | |a Historia Universal, 24 | |
| 999 | |c 364719 |d 364717 | ||
| 952 | |0 0 |1 0 |3 erb |4 0 |6 940_200000000000000_DUL_1984 |7 0 |8 A |9 478293 |a FDOHBE |b FDOHBE |e Huesbe Llanos, Marco Antonio, 1934- |i 5310903 |o 940.2 DUL 1984 |p 5310903 |r 2025-01-20 |w 2019-11-24 |y BK |z Catalogado en:20160616 |k HBE | ||